Hogwarts Apparition Exam Quiz Stats

 Plays Quiz Updated Apr 14, 2016

Support Sporcle.
Go Orange.
Score 0/13 Timer 02:00
11 Plays Today
% Correct
???
100%
???
93.7%
???
92.6%
???
75.8%
???
68.2%
???
64.4%
???
54.6%
???
49.8%
???
47.2%
???
44.9%
???
27.9%
???
24.3%
???
23.1%

From the Vault

Close-Up Movie Posters

by MrChewypoo

Movies 5m
Just imagine you're sitting reeeeally close to the movie screen.
Remove Ads.
Support Sporcle.
Get the best of Sporcle when you Go Orange. This ad-free experience offers more features, more stats, and more fun while also helping to support Sporcle. Thank you for becoming a member.

Show Comments

Extras

Top Quizzes Today


Score Distribution

Your Account Isn't Verified!

In order to create a playlist on Sporcle, you need to verify the email address you used during registration. Go to your Sporcle Settings to finish the process.

Report this User

Report this user for behavior that violates our Community Guidelines.

Details: